Fr. Conceicao Rodrigues College of Engineering

Machine tool practices (Record no. 22583)

MARC details
000 -LEADER
fixed length control field 00344nam a2200157Ia 4500
082 ## - DEWEY DECIMAL CLASSIFICATION NUMBER
Classification number 621.902
Item number KIB/NEE
100 ## - MAIN ENTRY--PERSONAL NAME
Personal name Kibbe/ R.R. & others/ Neely/ J.E.
250 ## - EDITION STATEMENT
Edition statement 6
245 ## - TITLE STATEMENT
Title Machine tool practices
260 ## - PUBLICATION, DISTRIBUTION, ETC.
Name of publisher, distributor, etc. Prentice Hall
Date of publication, distribution, etc. 1997
300 ## - PHYSICAL DESCRIPTION
Extent 822
546 ## - LANGUAGE NOTE
Language note ENGLISH
654 ## - SUBJECT ADDED ENTRY--FACETED TOPICAL TERMS
Focus term Machine tool
942 ## - ADDED ENTRY ELEMENTS (KOHA)
Koha item type Reference Book
Holdings
Withdrawn status Lost status Damaged status Not for loan Collection Home library Current library Date acquired Total Checkouts Full call number Barcode Date last seen Price effective from Koha item type
        CRC Fr. Agnel's C.Rodrigues College of Engineering Fr. Agnel's C.Rodrigues College of Engineering 17/03/2023   621.902 KIB/NEE 11865 17/03/2023 17/03/2023 Reference Book